[Event "Titled Tuesday intern op 30th Apr Early"]
[Site "Chess.com INT"]
[Date "2024.04.30"]
[Round "7"]
[White "Nadera, Barlo A"]
[Black "Pham, Le Thao Nguyen"]
[Result "0-1"]
[WhiteElo "2129"]
[BlackElo "2395"]
[PlyCount "96"]
[EventDate "2024.04.30"]
[EventType "swiss (blitz)"]
[EventRounds "11"]
[EventCountry "USA"]
[SourceTitle "CB19_2024"]
[SourceDate "2024.05.08"]
[SourceVersion "1"]
[SourceVersionDate "2024.05.08"]
[SourceQuality "1"]

1. d4 d5 2. Nf3 c6 3. c4 Nf6 4. Qc2 g6 5. Bf4 Bf5 6. Qb3 Qb6 7. c5 Qxb3 8. axb3 Bxb1 9. Rxb1 Nbd7 10. h3 a6 11. b4 Bg7 12. e3 0-0 13. Ra1 Rfe8 14. Bh2 Nf8 15. Nd2 Rad8 16. Nb3 Rd7 17. g4 Ne4 18. f3 Ng5 19. Kf2 f6 20. h4 Nf7 21. f4 e5 22. Bd3 Rde7 23. Rhe1 Nh6 24. Rg1 Nf7 25. Rae1 Ne6 26. Re2 Nc7 27. f5 g5 28. h5 Nb5 29. Rge1 Nc7 30. Na5 Nd8 31. Bg3 Rd7 32. Bc2 Bf8 33. Bd3 Kf7 34. Bc2 Kg8 35. Bb3 exd4 36. exd4 Rxe2+ 37. Rxe2 Nb5 38. Rd2 Nf7 39. Ba4 Nh6 40. Kf3 Be7 41. Bxb5 axb5 42. Re2 Kf7 43. Nb3 Bd8 44. Re1 Bc7 45. Bxc7 Rxc7 46. Re6 Ng8 47. Na5 Ne7 48. Rd6 Nc8 0-1

[Event "Titled Tuesday intern op 30th Apr Early"]
[Site "Chess.com INT"]
[Date "2024.04.30"]
[Round "10"]
[White "Soham, Datar"]
[Black "Nadera, Barlo A"]
[Result "1-0"]
[WhiteElo "2188"]
[BlackElo "2129"]
[PlyCount "87"]
[EventDate "2024.04.30"]
[EventType "swiss (blitz)"]
[EventRounds "11"]
[EventCountry "USA"]
[SourceTitle "CB19_2024"]
[SourceDate "2024.05.08"]
[SourceVersion "1"]
[SourceVersionDate "2024.05.08"]
[SourceQuality "1"]

1. Nf3 d5 2. c4 e6 3. e3 c6 4. b3 a5 5. Nc3 Nf6 6. Bb2 Nbd7 7. Qc2 b6 8. cxd5 exd5 9. Bd3 Bb7 10. Ne2 Nc5 11. Bf5 g6 12. Bh3 Bg7 13. 0-0 0-0 14. Ng3 Re8 15. d4 Nce4 16. Rfc1 Nxg3 17. hxg3 Ne4 18. Ne5 c5 19. Qd1 Qd6 20. Nd7 Re7 21. dxc5 bxc5 22. Bxg7 Kxg7 23. Nxc5 Nxc5 24. Qd4+ Qf6 25. Qxf6+ Kxf6 26. Rxc5 a4 27. b4 a3 28. Rd1 Ra4 29. Rd4 Re4 30. Rxe4 dxe4 31. Rb5 Ra7 32. Bg4 Ke7 33. Bd1 Kd6 34. Bb3 f5 35. Rb6+ Kc7 36. Rf6 Bc6 37. Bg8 Rb7 38. Rf7+ Kb6 39. Rf6 Kb5 40. g4 Rg7 41. Bb3 fxg4 42. Kh2 Rc7 43. Kg3 Kxb4 44. Kxg4 1-0

[Event "PHI-ch"]
[Site "Marikina City"]
[Date "2024.01.04"]
[Round "9"]
[White "Nadera, Barlo A"]
[Black "Gomez, John Paul"]
[Result "0-1"]
[WhiteElo "2158"]
[BlackElo "2422"]
[PlyCount "112"]
[EventDate "2023.12.27"]
[EventType "tourn"]
[EventRounds "13"]
[EventCountry "PHI"]
[SourceTitle "CB02_2024"]
[SourceDate "2024.01.10"]
[SourceVersion "1"]
[SourceVersionDate "2024.01.10"]
[SourceQuality "1"]

1. d4 Nf6 2. Nf3 e6 3. Bg5 c5 4. e3 d5 5. c3 Nbd7 6. Nbd2 Bd6 7. Bd3 h6 8. Bh4 0-0 9. 0-0 b6 10. Re1 Bb7 11. Qb1 Qc7 12. Bg3 e5 13. dxe5 Nxe5 14. Nxe5 Bxe5 15. Nf3 Bxg3 16. hxg3 Rad8 17. a4 a5 18. Qc2 Rfe8 19. Rad1 Bc6 20. b3 Re6 21. Bf5 Red6 22. Ne5 Bb7 23. Re2 g6 24. Bh3 Qe7 25. Ng4 h5 26. Nxf6+ Qxf6 27. Red2 Qe5 28. b4 f5 29. bxc5 bxc5 30. c4 Kg7 31. cxd5 Rxd5 32. Rxd5 Rxd5 33. Rxd5 Qxd5 34. Qc3+ Kf7 35. Qxa5 g5 36. e4 Qxe4 37. Qc7+ Ke6 38. f3 Qc6 39. Bxf5+ Kxf5 40. Qf7+ Ke5 41. Qg7+ Kd6 42. Qf6+ Kc7 43. Qxg5 Qd5 44. Qg7+ Kb6 45. Qb2+ Ka7 46. Kh2 Qd4 47. Qb5 Qb4 48. Qe8 c4 49. Qe3+ Ka6 50. Qd4 Qxa4 51. g4 hxg4 52. Qxg4 Qc6 53. Qd4 c3 54. Qd3+ Ka5 55. Qc2 Qd6+ 56. Kh3 Qd2 0-1

[Event "PHI-ch"]
[Site "Marikina City"]
[Date "2023.12.29"]
[Round "5"]
[White "Velarde, Jerish John"]
[Black "Nadera, Barlo A"]
[Result "0-1"]
[WhiteElo "1778"]
[BlackElo "2158"]
[PlyCount "82"]
[EventDate "2023.12.27"]
[EventType "tourn"]
[EventRounds "13"]
[EventCountry "PHI"]
[SourceTitle "CB02_2024"]
[SourceDate "2024.01.10"]
[SourceVersion "1"]
[SourceVersionDate "2024.01.10"]
[SourceQuality "1"]

1. d4 d5 2. c4 e6 3. Nc3 Nf6 4. cxd5 exd5 5. Bg5 c6 6. e3 Be7 7. Bd3 Nbd7 8. Nge2 0-0 9. 0-0 Re8 10. Qc2 h6 11. Bh4 Nf8 12. f3 Ne6 13. Rad1 a5 14. h3 b5 15. Bf2 Bb7 16. e4 b4 17. Na4 Rc8 18. e5 Nd7 19. Qd2 c5 20. f4 c4 21. Bb1 Bc6 22. Qc2 Ndf8 23. Nc5 Nxc5 24. dxc5 Qc7 25. f5 Qxe5 26. Rde1 Qc7 27. Bd4 Bh4 28. f6 g6 29. Qd2 Bg5 30. Qd1 Re6 31. g3 Rce8 32. h4 Be3+ 33. Kg2 h5 34. Kh2 Bb7 35. Bc2 Bc6 36. Bxe3 Rxe3 37. Nf4 d4 38. Rxe3 dxe3 39. Qe2 Qe5 40. Nxg6 Nxg6 41. Bxg6 Rd8 0-1

[Event "Laoag City op"]
[Site "Laoag City"]
[Date "2023.12.22"]
[Round "8"]
[White "Balanay, Marc Francis"]
[Black "Nadera, Barlo A"]
[Result "1/2-1/2"]
[WhiteElo "1878"]
[BlackElo "2158"]
[PlyCount "56"]
[EventDate "2023.12.19"]
[EventType "swiss"]
[EventRounds "9"]
[EventCountry "PHI"]
[SourceTitle "CB16_2024"]
[SourceDate "2024.04.17"]
[SourceVersion "1"]
[SourceVersionDate "2024.04.17"]
[SourceQuality "1"]

1. d4 d5 2. Bf4 c6 3. e3 Qb6 4. Qc1 Bf5 5. c4 e6 6. Nc3 a5 7. Nf3 h6 8. a3 Nd7 9. c5 Qa7 10. Be2 Ngf6 11. h3 Be7 12. Na4 0-0 13. 0-0 Rfc8 14. Ne5 Nxe5 15. Bxe5 Nd7 16. Bh2 b6 17. b4 Bf6 18. cxb6 Nxb6 19. Nc5 Nd7 20. Bd6 Rd8 21. Qc3 Nxc5 22. Bxc5 Qc7 23. bxa5 Rxa5 24. Bb4 Raa8 25. Rac1 Rdc8 26. Bd3 Bxd3 27. Qxd3 Be7 28. Bxe7 Qxe7 1/2-1/2

[Event "Laoag City op"]
[Site "Laoag City"]
[Date "2023.12.22"]
[Round "7"]
[White "Nadera, Barlo A"]
[Black "Rapanot, Alfredo"]
[Result "1/2-1/2"]
[WhiteElo "2158"]
[BlackElo "2090"]
[PlyCount "82"]
[EventDate "2023.12.19"]
[EventType "swiss"]
[EventRounds "9"]
[EventCountry "PHI"]
[SourceTitle "CB16_2024"]
[SourceDate "2024.04.17"]
[SourceVersion "1"]
[SourceVersionDate "2024.04.17"]
[SourceQuality "1"]

1. d4 Nf6 2. Nf3 g6 3. c4 Bg7 4. Nc3 0-0 5. e4 c5 6. d5 d6 7. h3 e6 8. Bd3 exd5 9. exd5 Re8+ 10. Be3 Nfd7 11. 0-0 Ne5 12. Nxe5 Bxe5 13. Qd2 Nd7 14. Rfe1 a6 15. Bg5 f6 16. Bh6 f5 17. Bg5 Bf6 18. Rxe8+ Qxe8 19. Re1 Qf8 20. Bxf6 Nxf6 21. a3 Bd7 22. Qg5 Kg7 23. Qd2 Re8 24. Rb1 Qe7 25. b4 b6 26. bxc5 bxc5 27. Ne2 Bc8 28. Ng3 Qe5 29. Ne2 Kf7 30. Qh6 Qe7 31. Rb6 Qd8 32. Rb1 Re7 33. Qd2 Rb7 34. Rxb7+ Bxb7 35. Qb2 Qc7 36. f3 Bc8 37. Kf2 Qb7 38. Qc3 Qe7 39. Qb2 Qb7 40. Qc3 Qe7 41. Qb2 Bb7 1/2-1/2

[Event "Manila AQ Prime op 3rd"]
[Site "Manila"]
[Date "2023.11.02"]
[Round "4"]
[White "Aracena, Glenn Ivanne"]
[Black "Nadera, Barlo A"]
[Result "0-1"]
[WhiteElo "1590"]
[BlackElo "2168"]
[PlyCount "54"]
[EventDate "2023.10.28"]
[EventType "swiss"]
[EventRounds "9"]
[EventCountry "PHI"]
[SourceTitle "CB46_2023"]
[SourceDate "2023.11.15"]
[SourceVersion "1"]
[SourceVersionDate "2023.11.15"]
[SourceQuality "1"]

1. d4 d5 2. Bf4 c6 3. c3 Bf5 4. Nd2 Nf6 5. Ngf3 h6 6. h3 Nbd7 7. e3 e6 8. Qb3 Qc8 9. Rc1 Be7 10. g4 Bh7 11. c4 0-0 12. g5 hxg5 13. Nxg5 Bf5 14. Bd3 Re8 15. e4 dxe4 16. Ndxe4 c5 17. Ng3 Bxd3 18. Qxd3 cxd4 19. Nh5 e5 20. Nxg7 Bb4+ 21. Kf1 Kxg7 22. Rg1 exf4 23. a3 Bc5 24. Nh7+ Kh8 25. Ng5 Ne5 26. Qd2 Qf5 27. Re1 Re7 0-1

[Event "Manila AQ Prime op 3rd"]
[Site "Manila"]
[Date "2023.11.02"]
[Round "5"]
[White "Nadera, Barlo A"]
[Black "Chavez, Antonio Jr"]
[Result "1-0"]
[WhiteElo "2168"]
[BlackElo "1841"]
[PlyCount "58"]
[EventDate "2023.10.28"]
[EventType "swiss"]
[EventRounds "9"]
[EventCountry "PHI"]
[SourceTitle "CB46_2023"]
[SourceDate "2023.11.15"]
[SourceVersion "1"]
[SourceVersionDate "2023.11.15"]
[SourceQuality "1"]

1. d4 b5 2. e4 Bb7 3. f3 a6 4. a4 b4 5. c4 g6 6. Nd2 a5 7. Nb3 Bg7 8. Be3 d6 9. Qd2 Nd7 10. Bd3 Ngf6 11. Ne2 0-0 12. 0-0 c6 13. g4 c5 14. Ng3 cxd4 15. Nxd4 Nc5 16. Bc2 Rc8 17. b3 e6 18. Rad1 d5 19. Nb5 Qb6 20. cxd5 exd5 21. e5 Ne8 22. f4 f6 23. Bd4 Ba6 24. Rfe1 fxe5 25. fxe5 Bxb5 26. axb5 Nc7 27. Nf5 gxf5 28. gxf5 Nxb5 29. f6 Nxd4 1-0

[Event "Manila AQ Prime op 3rd"]
[Site "Manila"]
[Date "2023.10.29"]
[Round "2"]
[White "Delfin, Joel"]
[Black "Nadera, Barlo A"]
[Result "1-0"]
[WhiteElo "1672"]
[BlackElo "2168"]
[PlyCount "123"]
[EventDate "2023.10.28"]
[EventType "swiss"]
[EventRounds "9"]
[EventCountry "PHI"]
[SourceTitle "CB46_2023"]
[SourceDate "2023.11.15"]
[SourceVersion "1"]
[SourceVersionDate "2023.11.15"]
[SourceQuality "1"]

1. d4 d5 2. c4 e6 3. Nc3 Nf6 4. cxd5 exd5 5. Bg5 Be7 6. Qc2 c6 7. e3 Nbd7 8. Bd3 h6 9. Bh4 0-0 10. Nge2 Re8 11. 0-0 Nf8 12. Kh1 Nh5 13. Bxe7 Qxe7 14. Na4 Nf6 15. Ng3 g6 16. Rae1 Qd6 17. f3 h5 18. Qf2 Ne6 19. Ne2 Qb4 20. Nac3 Qxb2 21. e4 Qd2 22. Rd1 Qh6 23. e5 Nh7 24. f4 Ng7 25. Rde1 Bd7 26. Nd1 f5 27. Ne3 Nf8 28. Qh4 Rac8 29. Rf3 Be6 30. Rg1 Qh7 31. Qg5 Rc7 32. Rh3 Bc8 33. Qg3 Rf7 34. Qe1 Nfe6 35. Qh4 Nf8 36. Qf2 Qh6 37. g4 fxg4 38. Nxg4 Qh8 39. Qh4 Bxg4 40. Rxg4 Qh6 41. Rhg3 Re6 42. Rg5 Kh8 43. Qh3 b6 44. Qg2 h4 45. R3g4 h3 46. Qg3 Nh5 47. Rxh5 Qxh5 48. Rh4 Rh7 49. Rxh5 Rxh5 50. Qg4 Rh6 51. Ng3 c5 52. Qg5 Rh7 53. f5 Rc6 54. fxg6 Rg7 55. Qh6+ Kg8 56. Nh5 Rcxg6 57. Bxg6 Rxg6 58. Nf6+ Kf7 59. Qxh3 cxd4 60. Nxd5 Ne6 61. Qf5+ Kg7 62. Nf4 1-0

[Event "Manila AQ Prime op 3rd"]
[Site "Manila"]
[Date "2023.10.28"]
[Round "1"]
[White "Nadera, Barlo A"]
[Black "Lomocso, Richel"]
[Result "1-0"]
[WhiteElo "2168"]
[BlackElo "1443"]
[PlyCount "81"]
[EventDate "2023.10.28"]
[EventType "swiss"]
[EventRounds "9"]
[EventCountry "PHI"]
[SourceTitle "CB46_2023"]
[SourceDate "2023.11.15"]
[SourceVersion "1"]
[SourceVersionDate "2023.11.15"]
[SourceQuality "1"]

1. d4 e6 2. c4 d5 3. Nf3 Nf6 4. Bg5 Be7 5. Nc3 0-0 6. e3 Nbd7 7. a3 b6 8. cxd5 exd5 9. Rc1 Bb7 10. Bd3 a6 11. 0-0 Re8 12. Qc2 h6 13. Bh4 Nh5 14. Bxe7 Qxe7 15. Rfe1 Nhf6 16. Bf5 c5 17. g3 c4 18. Bh3 b5 19. Nd2 Qd6 20. Bg2 Re7 21. b3 Bc6 22. a4 b4 23. Ne2 c3 24. Nf3 Ne4 25. Nf4 Rb8 26. Red1 a5 27. Nd3 Bb7 28. Re1 Ba6 29. Nde5 Nb6 30. Nh4 Rc7 31. Bxe4 dxe4 32. Qxe4 Bb7 33. Qc2 Re8 34. e4 Qe6 35. f3 Ba6 36. Ng2 g5 37. Ne3 f6 38. N5g4 Rh7 39. d5 Qf7 40. Nf5 h5 41. Ngh6+ 1-0

[Event "Quezon City Puregold op"]
[Site "Quezon City"]
[Date "2014.12.14"]
[Round "1"]
[White "Nadera, Barlo A"]
[Black "Suede, Mikee Charlene"]
[Result "1-0"]
[WhiteElo "2339"]
[BlackElo "1938"]
[PlyCount "103"]
[EventDate "2014.12.14"]
[EventType "swiss"]
[EventRounds "9"]
[EventCountry "PHI"]
[SourceTitle "EXT 2016"]
[Source "ChessBase"]
[SourceDate "2015.10.08"]
[SourceVersion "1"]
[SourceVersionDate "2015.10.08"]
[SourceQuality "1"]

1. d4 d6 2. Nf3 Nd7 3. c4 c6 4. Nc3 g6 5. e4 Bg7 6. Be2 e5 7. d5 c5 8. Be3 Ne7 9. g4 h6 10. h4 a6 11. Nd2 Rb8 12. a3 0-0 13. g5 h5 14. b4 b6 15. Rb1 Qc7 16. Rc1 f5 17. f3 Bb7 18. Nb3 Rf7 19. Qd2 Rbf8 20. Rb1 Bc8 21. Nd1 Rd8 22. bxc5 Nxc5 23. Nc3 fxe4 24. fxe4 Rdf8 25. Nxc5 bxc5 26. Qb2 Bg4 27. Qb6 Qd7 28. Qb7 Qc8 29. Qxc8 Nxc8 30. Rb8 Kh7 31. Rg1 Bxe2 32. Kxe2 Rd7 33. Rgb1 Ne7 34. R1b7 Rxb7 35. Rxb7 Nc8 36. Rb8 Kg8 37. a4 Re8 38. a5 Kf7 39. Ra8 Bf8 40. Rxa6 Re7 41. Ra8 Ra7 42. Rxc8 Rxa5 43. Nb5 Ra1 44. Rc7+ Ke8 45. Ra7 Rh1 46. Nc7+ Kf7 47. Ne6+ Be7 48. Bf2 Rh3 49. Nd8+ Ke8 50. Nc6 Bf8 51. Ra8+ Kf7 52. Nd8+ 1-0

[Event "Asia Cities-ch 18th"]
[Site "Tagaytay City"]
[Date "2013.10.24"]
[Round "7.1"]
[White "Nadera, Barlo A"]
[Black "Battulga, Namkhai"]
[Result "0-1"]
[WhiteElo "2362"]
[BlackElo "2396"]
[PlyCount "108"]
[EventDate "2013.10.20"]
[EventType "team-swiss"]
[EventRounds "9"]
[EventCountry "PHI"]
[SourceTitle "EXT 2014"]
[Source "ChessBase"]
[SourceDate "2013.11.20"]
[SourceVersion "1"]
[SourceVersionDate "2013.11.20"]
[SourceQuality "1"]
[WhiteTeam "Pasay City"]
[BlackTeam "Erdenet"]
[WhiteTeamCountry "PHI"]
[BlackTeamCountry "MGL"]

1. d4 d5 2. Nf3 Nf6 3. c4 c6 4. Qc2 Nbd7 5. cxd5 cxd5 6. Bf4 e6 7. a3 Qa5+ 8. Nbd2 Nb6 9. e3 Bd7 10. Rc1 Be7 11. Bd3 Rc8 12. Qb1 Rxc1+ 13. Qxc1 Bb5 14. Qc2 0-0 15. 0-0 Rc8 16. Qb1 Na4 17. b4 Qa6 18. Bxb5 Qxb5 19. Bg5 Nc3 20. Qa1 Qd3 21. Kh1 Ne2 22. Bxf6 gxf6 23. Rd1 Rc3 24. Nb3 Qc2 25. Nfd2 Rxb3 26. Nxb3 Qxb3 27. Rd2 Nc3 28. Rd3 Qa2 29. Qxa2 Nxa2 30. Rb3 a6 31. g3 b6 32. Kg2 Kg7 33. Kf1 a5 34. bxa5 bxa5 35. Ke1 a4 36. Rd3 Nc1 37. Rc3 Nb3 38. Kd1 Bxa3 39. Kc2 Bb4 40. Rc7 Na5 41. Ra7 a3 42. f3 f5 43. g4 fxg4 44. fxg4 Nc4 45. Kb3 Bf8 46. g5 Nxe3 47. h4 Nf5 48. h5 Nxd4+ 49. Ka2 Nf3 50. g6 Ng5 51. gxf7 Nxf7 52. Kb3 Kf6 53. Ka2 h6 54. Ka1 Bd6 0-1

[Event "Asia Cities-ch 18th"]
[Site "Tagaytay City"]
[Date "2013.10.23"]
[Round "6.1"]
[White "Zhou, Jianchao"]
[Black "Nadera, Barlo A"]
[Result "1-0"]
[WhiteElo "2587"]
[BlackElo "2362"]
[PlyCount "111"]
[EventDate "2013.10.20"]
[EventType "team-swiss"]
[EventRounds "9"]
[EventCountry "PHI"]
[SourceTitle "EXT 2014"]
[Source "ChessBase"]
[SourceDate "2013.11.20"]
[SourceVersion "1"]
[SourceVersionDate "2013.11.20"]
[SourceQuality "1"]
[WhiteTeam "Shanghai"]
[BlackTeam "Pasay City"]
[WhiteTeamCountry "CHN"]
[BlackTeamCountry "PHI"]

1. c4 e6 2. Nc3 d5 3. d4 Nf6 4. cxd5 exd5 5. Bg5 Be7 6. e3 c6 7. Bd3 Nbd7 8. Nge2 Nf8 9. Qc2 Ne6 10. Bh4 g6 11. f3 0-0 12. 0-0 Ng7 13. Bf2 a6 14. Kh1 b6 15. Rad1 Bb7 16. e4 Rc8 17. Bg1 Qc7 18. h3 Qb8 19. Bh2 Qa7 20. e5 Nfe8 21. f4 f5 22. exf6 Nxf6 23. f5 g5 24. Qd2 h6 25. Rde1 Rce8 26. Ng1 c5 27. Nf3 c4 28. Bc2 b5 29. Ne5 Bd8 30. Nd1 Bb6 31. Ng6 Bxd4 32. Nxf8 Rxf8 33. h4 Ne4 34. Bxe4 dxe4 35. hxg5 Nxf5 36. gxh6 e3 37. Qe2 Qc5 38. Rf4 Kh8 39. Ref1 Rg8 40. Rg4 Nxh6 41. Rxg8+ Kxg8 42. Bf4 Nf5 43. Qg4+ Ng7 44. Re1 Qb4 45. Qg3 Qf8 46. Bxe3 Bf6 47. Bd2 Qd8 48. Bc3 Bd5 49. Ne3 Bxc3 50. bxc3 Be6 51. Rd1 Qa5 52. Rd6 Kf7 53. Qf4+ Kg8 54. Qg5 Kf7 55. Nd5 Qxa2 56. Qf6+ 1-0

[Event "Asia zt 3.3"]
[Site "Tagaytay City"]
[Date "2013.01.28"]
[Round "8"]
[White "Bersamina, Paulo"]
[Black "Nadera, Barlo A"]
[Result "0-1"]
[WhiteElo "2206"]
[BlackElo "2392"]
[PlyCount "126"]
[EventDate "2013.01.22"]
[EventType "swiss"]
[EventRounds "9"]
[EventCountry "PHI"]
[SourceTitle "CBM 152 Extra"]
[Source "ChessBase"]
[SourceDate "2013.02.25"]
[SourceVersion "1"]
[SourceVersionDate "2013.02.25"]
[SourceQuality "1"]

1. e4 e6 2. d4 d5 3. Nc3 Bb4 4. e5 b6 5. Qg4 Bf8 6. Bg5 Qd7 7. Nf3 h6 8. Bd2 Ne7 9. Be2 Ba6 10. Nh4 c5 11. dxc5 bxc5 12. f4 h5 13. Qh3 g6 14. 0-0 Bxe2 15. Nxe2 Qb5 16. Nc3 Qb7 17. b3 Nd7 18. Qd3 a6 19. Na4 Nf5 20. Nxf5 gxf5 21. c4 d4 22. Qf3 Rb8 23. Qxb7 Rxb7 24. Nb2 Be7 25. Ba5 Rg8 26. Nd3 f6 27. Rae1 fxe5 28. fxe5 h4 29. Bd2 Nb8 30. Re2 Nc6 31. Rb1 Kf7 32. Be1 a5 33. h3 Ra8 34. Reb2 Nb4 35. Bxb4 axb4 36. Rf1 Rba7 37. Rff2 Ra5 38. Kh2 Bg5 39. g4 Be3 40. Rfe2 Kg6 41. Kg2 fxg4 42. hxg4 Kg5 43. Kf3 Rf8+ 44. Ke4 h3 45. Rh2 Kxg4 46. Rh1 Kg3 47. Re2 Rh8 48. Ne1 Rh4+ 49. Kd3 Bf2 50. Nf3 Kxf3 51. Rf1 Kg3 52. Rfxf2 Rf4 53. Rxf4 Kxf4 54. Rf2+ Kg3 55. Rf6 h2 56. Rg6+ Kf2 57. Rh6 Kg1 58. Rg6+ Kf1 59. Rf6+ Ke1 60. Rh6 Rxa2 61. Rh4 Rd2+ 62. Ke4 Re2+ 63. Kd3 Kd1 0-1

[Event "Manila PSC Cup"]
[Site "Manila"]
[Date "2013.01.17"]
[Round "6"]
[White "Bilguun, Sumiya"]
[Black "Nadera, Barlo A"]
[Result "1-0"]
[WhiteElo "2213"]
[BlackElo "2392"]
[PlyCount "91"]
[EventDate "2013.01.14"]
[EventType "swiss"]
[EventRounds "9"]
[EventCountry "PHI"]
[SourceTitle "CBM 152 Extra"]
[Source "ChessBase"]
[SourceDate "2013.02.25"]
[SourceVersion "1"]
[SourceVersionDate "2013.02.25"]
[SourceQuality "1"]

1. e4 e6 2. d4 d5 3. Nd2 a6 4. Ngf3 Nf6 5. e5 Nfd7 6. Bd3 c5 7. c3 Nc6 8. 0-0 Qb6 9. Re1 h6 10. a3 cxd4 11. cxd4 Nxd4 12. Nxd4 Qxd4 13. Nf3 Qb6 14. Qa4 Be7 15. Be3 Qd8 16. Qg4 Kf8 17. Rac1 Nb8 18. Bb6 Qe8 19. Nd4 h5 20. Qf4 Kg8 21. b4 Nd7 22. Bc7 Nf8 23. Bd6 Bd8 24. Qe3 Bd7 25. f4 g6 26. Bc7 Be7 27. Bb6 Rh7 28. Rc3 Ba4 29. Bc5 Bd8 30. Nf3 Nd7 31. Bd4 Nb8 32. Bb6 Nc6 33. Bxd8 Qxd8 34. Nd4 Nxd4 35. Qxd4 Bc6 36. Rec1 Kg7 37. Rf1 Rh8 38. f5 gxf5 39. Bxf5 Rh6 40. Rg3+ Kh8 41. Qd2 Qf8 42. Bg6 f5 43. Bxf5 exf5 44. Rxf5 Rh7 45. Rxf8+ Rxf8 46. Qd4 1-0

[Event "Manila PSC Cup"]
[Site "Manila"]
[Date "2013.01.17"]
[Round "5"]
[White "Nadera, Barlo A"]
[Black "Barbosa, Oliver"]
[Result "1/2-1/2"]
[WhiteElo "2392"]
[BlackElo "2574"]
[PlyCount "72"]
[EventDate "2013.01.14"]
[EventType "swiss"]
[EventRounds "9"]
[EventCountry "PHI"]
[SourceTitle "CBM 152 Extra"]
[Source "ChessBase"]
[SourceDate "2013.02.25"]
[SourceVersion "1"]
[SourceVersionDate "2013.02.25"]
[SourceQuality "1"]

1. d4 d5 2. Nf3 Nf6 3. c4 c6 4. Qc2 dxc4 5. Qxc4 Bg4 6. Ne5 Be6 7. Qd3 Nbd7 8. Nf3 Bg4 9. Nc3 e6 10. g3 Be7 11. Bg2 Bf5 12. Qd1 Ne4 13. Nd2 Nxd2 14. Qxd2 0-0 15. 0-0 Bg6 16. Rd1 a5 17. h3 a4 18. a3 Qa5 19. e4 Rfd8 20. Qe2 f6 21. Be3 e5 22. d5 Bf7 23. Rac1 Bc5 24. Kh2 Bxe3 25. Qxe3 Nb6 26. dxc6 bxc6 27. Bf1 Nc4 28. Bxc4 Bxc4 29. Rxd8+ Rxd8 30. Rd1 Bb3 31. Rd2 h6 32. Kg2 Kh7 33. h4 Qc7 34. Rd3 Bc2 35. Rd2 Bb3 36. Rd3 Bc2 1/2-1/2

[Event "Manila PSC Cup"]
[Site "Manila"]
[Date "2013.01.16"]
[Round "4"]
[White "Secopito, Catherine"]
[Black "Nadera, Barlo A"]
[Result "0-1"]
[WhiteElo "2153"]
[BlackElo "2392"]
[PlyCount "96"]
[EventDate "2013.01.14"]
[EventType "swiss"]
[EventRounds "9"]
[EventCountry "PHI"]
[SourceTitle "CBM 152 Extra"]
[Source "ChessBase"]
[SourceDate "2013.02.25"]
[SourceVersion "1"]
[SourceVersionDate "2013.02.25"]
[SourceQuality "1"]

1. d4 d5 2. c4 e6 3. Nc3 Nf6 4. Nf3 c6 5. e3 Nbd7 6. Bd3 dxc4 7. Bxc4 b5 8. Be2 Bb7 9. 0-0 a6 10. e4 c5 11. e5 Nd5 12. a4 Nxc3 13. bxc3 c4 14. Ng5 Nb6 15. Bf3 Nd5 16. Qc2 Be7 17. h4 Bc6 18. Bh5 g6 19. Bg4 bxa4 20. Ne4 Bxh4 21. Nd6+ Kf8 22. Bh6+ Kg8 23. Ne4 Be7 24. Qe2 Rc8 25. Rad1 Bf8 26. Bg5 Be7 27. Bh6 a3 28. f4 Bf8 29. Bg5 Be7 30. Qf2 h6 31. Bxe7 Qxe7 32. Nd6 Rd8 33. f5 exf5 34. Bxf5 gxf5 35. Nxf5 Qe6 36. Qh4 Rd7 37. Rf3 Kf8 38. Rb1 Bb5 39. Rbf1 Rh7 40. Rg3 a2 41. Qg4 Ne7 42. Qf3 Bc6 43. d5 Bxd5 44. Nd4 Bxf3 45. Nxe6+ fxe6 46. Rgxf3+ Nf5 47. Ra1 Rd2 48. Kf1 Rb2 0-1

[Event "Manila PSC Cup"]
[Site "Manila"]
[Date "2013.01.14"]
[Round "1"]
[White "Nadera, Barlo A"]
[Black "Polao, Ben"]
[Result "1-0"]
[WhiteElo "2392"]
[BlackElo "2091"]
[PlyCount "164"]
[EventDate "2013.01.14"]
[EventType "swiss"]
[EventRounds "9"]
[EventCountry "PHI"]
[SourceTitle "CBM 152 Extra"]
[Source "ChessBase"]
[SourceDate "2013.02.25"]
[SourceVersion "1"]
[SourceVersionDate "2013.02.25"]
[SourceQuality "1"]

1. d4 d5 2. Nf3 c6 3. c4 e6 4. Qc2 Nd7 5. Bg5 Be7 6. Bxe7 Qxe7 7. e3 a6 8. Nbd2 Ngf6 9. Bd3 h6 10. 0-0 0-0 11. Rac1 e5 12. cxd5 Nxd5 13. dxe5 Nxe5 14. Nxe5 Qxe5 15. Nf3 Qf6 16. a3 Bg4 17. Nd4 Rfe8 18. Rfe1 Re5 19. Qb3 Re7 20. h3 Bh5 21. Rc5 Bg6 22. Bxg6 Qxg6 23. Rd1 Rae8 24. Qd3 Qxd3 25. Rxd3 g6 26. Rc1 Nc7 27. Nb3 Ne6 28. Rcd1 Rc7 29. Na5 Kf8 30. Rb3 Ree7 31. Rb6 Ke8 32. Rb4 Nd8 33. Rh4 Red7 34. Rc1 h5 35. Re4+ Re7 36. Rb4 Rcd7 37. Kf1 Rd5 38. Nb3 Ne6 39. Rbc4 Red7 40. Ke2 Ke7 41. h4 f5 42. g3 Rd3 43. Rb4 R3d5 44. Rc2 Rb5 45. Rxb5 axb5 46. Nc5 Nxc5 47. Rxc5 Kd6 48. Rc2 Re7 49. Rd2+ Kc7 50. Rd4 Re5 51. Kd2 c5 52. Rd3 b6 53. Kc3 Re4 54. Rd5 b4+ 55. axb4 Rxb4 56. b3 Rg4 57. Rd1 b5 58. Rd5 Kc6 59. Rd8 Kc7 60. Rg8 Kc6 61. Rb8 b4+ 62. Kd3 Kc7 63. Rg8 c4+ 64. bxc4 b3 65. Kc3 Rxc4+ 66. Kxb3 Rc6 67. Rg7+ Kd8 68. Kb4 Ke8 69. Kb5 Re6 70. Kc5 Kf8 71. Ra7 Kg8 72. Kd4 Kf8 73. f3 Kg8 74. e4 fxe4 75. fxe4 Rf6 76. Ke3 Rf1 77. e5 Kf8 78. Ke4 Ke8 79. e6 Re1+ 80. Kd5 Re3 81. Kd6 Kf8 82. Ra8+ Kg7 1-0

[Event "Manila Campomanes Memorial op"]
[Site "Manila"]
[Date "2010.08.31"]
[Round "5"]
[White "Laylo, Darwin"]
[Black "Nadera, Barlo A"]
[Result "1-0"]
[WhiteElo "2522"]
[BlackElo "2419"]
[PlyCount "61"]
[EventDate "2010.08.28"]
[EventType "swiss"]
[EventRounds "9"]
[EventCountry "PHI"]
[SourceTitle "CBM 138 Extra"]
[Source "ChessBase"]
[SourceDate "2010.10.29"]
[SourceVersion "1"]
[SourceVersionDate "2010.10.29"]
[SourceQuality "1"]

1. d4 d5 2. Nf3 a6 3. c4 dxc4 4. e3 e6 5. Bxc4 b5 6. Bd3 Bb7 7. a4 c6 8. 0-0 Nf6 9. Qe2 Nbd7 10. e4 Be7 11. Nbd2 Qc7 12. e5 Nd5 13. Ne4 h6 14. Bd2 Qb6 15. Rfc1 bxa4 16. Rxa4 c5 17. dxc5 Nxc5 18. Nxc5 Bxc5 19. Ba5 Qa7 20. Rg4 h5 21. Rgc4 Bb6 22. Bd2 Rd8 23. Ng5 Bd4 24. Be4 Qb6 25. Nf3 Bxb2 26. Rb1 Qb3 27. Rc2 Qa4 28. Rcxb2 Nf4 29. Bxf4 Bxe4 30. Rb4 Bxf3 31. Qxf3 1-0

[Event "Manila Pichay Cup 6th"]
[Site "Manila"]
[Date "2010.08.23"]
[Round "5"]
[White "Laylo, Darwin"]
[Black "Nadera, Barlo A"]
[Result "1-0"]
[WhiteElo "2522"]
[BlackElo "2419"]
[PlyCount "57"]
[EventDate "2010.08.21"]
[EventType "swiss"]
[EventRounds "9"]
[EventCountry "PHI"]
[SourceTitle "CBM 138 Extra"]
[Source "ChessBase"]
[SourceDate "2010.10.29"]
[SourceVersion "1"]
[SourceVersionDate "2010.10.29"]
[SourceQuality "1"]

1. d4 d5 2. Nf3 c6 3. c4 e6 4. e3 Nd7 5. Nbd2 f5 6. b3 Bd6 7. Bb2 Qf6 8. h3 Nh6 9. Qc2 Nf7 10. g4 g6 11. Bd3 a6 12. a4 fxg4 13. hxg4 e5 14. g5 Qg7 15. 0-0-0 e4 16. Bxe4 dxe4 17. Nxe4 Qf8 18. d5 Ba3 19. d6 Bxb2+ 20. Qxb2 c5 21. Rh4 Kd8 22. Rf4 Rg8 23. Nf6 Rg7 24. Nd5 Qg8 25. Nc7 Nxd6 26. Nxa8 Nf5 27. Qe5 Ne7 28. Qc7+ Ke8 29. Re4 1-0